000 00535nam a22001817a 4500
999 _c177683
_d177683
005 20210225131106.0
010 _aENG-129061
020 _c699.00
_a978-1-4722-6141-0
035 _aEN-112593
037 _bDBAD/PUB
082 _aN
100 _aCummins, Jeanine
245 _aAmerican Dirt/
_cJeanine Cummins
260 _aGurugram
_bHachette Book Publishing India Pvt. Ltd.
_c2020
270 _bGurugram
_a4th/5th Floors, Corporate Centre, Plot No- 94, Sec- 44
_e122003
300 _a465p.
_c23cm(pbk)
942 _2ddc
_cEN
_hN
_mCUM